ARRUPE JESUIT UNIVERSITY

CORONAVIRUS -STOP THE SPREAD - CLEAN,DISINFECT,COVER

Achard of Saint Victor : (Record no. 121447)

MARC details
000 -LEADER
fixed length control field 01373cam a2200385 a 4500
001 - CONTROL NUMBER
control field 12502330
003 - CONTROL NUMBER IDENTIFIER
control field ARRUPE
005 - DATE AND TIME OF LATEST TRANSACTION
control field 20141210134236.0
008 - FIXED-LENGTH DATA ELEMENTS--GENERAL INFORMATION
fixed length control field 010814s2001 miu b 001 0 eng d
010 ## - LIBRARY OF CONGRESS CONTROL NUMBER
LC control number 2001273342
020 ## - INTERNATIONAL STANDARD BOOK NUMBER
International Standard Book Number 0879077654 (hard)
020 ## - INTERNATIONAL STANDARD BOOK NUMBER
International Standard Book Number 0879079657 (pbk.)
035 ## - SYSTEM CONTROL NUMBER
System control number (OCoLC)ocm46736635
040 ## - CATALOGING SOURCE
Original cataloging agency XII
Transcribing agency XII
Modifying agency OCL
-- DLC
041 1# - LANGUAGE CODE
Language code of text/sound track or separate title eng
Language code of original and/or intermediate translations of text fre
-- lat
042 ## - AUTHENTICATION CODE
Authentication code lccopycat
050 00 - LIBRARY OF CONGRESS CALL NUMBER
Classification number BX1749
Item number .A53213 2001
082 00 - DEWEY DECIMAL CLASSIFICATION NUMBER
Classification number 252/.02
Edition number 22
300 ## - PHYSICAL DESCRIPTION
Dimensions 22 cm.
100 0# - MAIN ENTRY--PERSONAL NAME
Personal name Achard,
Titles and other words associated with a name de Saint-Victor,
Dates associated with a name -approximately 1171.
9 (RLIN) 13244
240 10 - UNIFORM TITLE
Uniform title <a href="Works.">Works.</a>
Form subheading Selections.
Language of a work English.
245 10 - TITLE STATEMENT
Title Achard of Saint Victor :
Remainder of title works /
Statement of responsibility, etc translation and introduction by Hugh Feiss.
260 ## - PUBLICATION, DISTRIBUTION, ETC. (IMPRINT)
Place of publication, distribution, etc Kalamazoo, Mich. :
Name of publisher, distributor, etc Cistercian Publications,
Date of publication, distribution, etc 2001.
300 ## - PHYSICAL DESCRIPTION
Extent 493 p. ;
440 #0 - SERIES STATEMENT/ADDED ENTRY--TITLE
Title Cistercian studies series ;
Volume number/sequential designation no. 165
9 (RLIN) 13245
504 ## - BIBLIOGRAPHY, ETC. NOTE
Bibliography, etc Includes bibliographical references and index.
650 #0 - SUBJECT ADDED ENTRY--TOPICAL TERM
Topical term or geographic name as entry element Theology
General subdivision Early works to 1800.
9 (RLIN) 13246
650 #0 - SUBJECT ADDED ENTRY--TOPICAL TERM
Topical term or geographic name as entry element Sermons, Latin
General subdivision Translations into English.
9 (RLIN) 13247
650 #0 - SUBJECT ADDED ENTRY--TOPICAL TERM
Topical term or geographic name as entry element Sermons, Medieval.
9 (RLIN) 13248
650 #0 - SUBJECT ADDED ENTRY--TOPICAL TERM
Topical term or geographic name as entry element Philosophy, Medieval.
9 (RLIN) 13249
650 #0 - SUBJECT ADDED ENTRY--TOPICAL TERM
Topical term or geographic name as entry element Theology
General subdivision History
Chronological subdivision Middle Ages, 600-1500.
9 (RLIN) 13250
700 1# - ADDED ENTRY--PERSONAL NAME
Personal name Feiss, Hugh.
9 (RLIN) 13221
906 ## - LOCAL DATA ELEMENT F, LDF (RLIN)
a 7
b cbc
c copycat
d 2
e ncip
f 20
g y-gencatlg
942 ## - ADDED ENTRY ELEMENTS (KOHA)
Source of classification or shelving scheme Library of Congress Classification
Koha item type Monograph ( Printed materials)
Holdings
Withdrawn status Lost status Source of classification or shelving scheme Damaged status Not for loan Collection code Home library Current library Shelving location Date acquired Total Checkouts Full call number Barcode Date last seen Price effective from Koha item type
    Library of Congress Classification     Main Collection ARRUPE LIBRARY ARRUPE LIBRARY Main Collection 10/12/2014   B765.A53213 2001 46500003497 10/12/2014 10/12/2014 Monograph ( Printed materials)

 

Arrupe Library. PO Box MP320 Mt Pleasant, Harare, Zimbabwe
263 242 745411|librarian@aju.ac.zw